| 000 | 00593nam a2200193Ia 4500 | ||
|---|---|---|---|
| 003 | GCL | ||
| 008 | 140319s9999 xx 000 0 eng d | ||
| 020 | _a159140598 X | ||
| 040 |
_aGCL / _cGCL |
||
| 082 | 0 | 4 |
_a338.064 _bA S |
| 100 | 1 | _aANDRIOLE, STEPHEN J . | |
| 245 | 1 | 0 |
_aTHE 2 nd DIGITAL REVOLUTION / _cANDRIOLE, STEPHEN J . |
| 260 |
_aنيويورك : _bCYBERTECH PUBLISHING ، _c2005 |
||
| 300 |
_a24 CM ؛ _c264 P |
||
| 650 | 0 | 4 | _aTECHNOLOGICAL INNOVATIONS - MANAGEMENT |
| 650 | 0 | 4 | _aBUSINESS ENTERPRISES - TECHNOLOGICAL INNOVATIONS |
| 650 | 0 | 4 | _aBUSINESS PLANNING |
| 942 |
_2ddc _cBK |
||
| 999 |
_c9310 _d9310 |
||